01128 a2200229 4500003000500000005001700005010001700022020001500039035002300054040000900077082001500086100001900101245008100120250001200201260003900213300003400252505037100286650003500657700002300692856009100715856009200806Nust20220804110317.0 a 2005279438 a0750650788 a(OCoLC)ocm49045100 cNust04a006.37,NIX1 aNixon, Mark S.10aFeature extraction and image processing /cMark S. Nixon, Alberto S. Aguado. a1st ed. aOxford ;aBoston :bNewnes,c2002. axii, 350 p. :bill. ;c25 cm. aIntroduction (Page-1), Images, Sampling and Frequency Domain Processing (Page-31), Basic Image Processing Operations (Page-67), Low-Level Feature Extraction (Page-99), Feature Extraction by Shape Matching (Page-161), Flexible Shape Extraction (Page-217), Object Description (Page-247), Introduction to Texture Description, Segmentation and Classification (Page-291). 0aTelecommunication Engineering.1 aAguado, Alberto S.423Publisher descriptionuhttp://www.loc.gov/catdir/enhancements/fy0626/2005279438-d.html423Table of contents onlyuhttp://www.loc.gov/catdir/enhancements/fy0626/2005279438-t.html